000 01131nam a22003377a 4500
003 CHAP
005 20220329134646.0
008 971013s1976 ne a r 00010 eng d
010 _a23762
011 _a24734
035 _a28833
040 _cCHAP
082 0 4 _a581.192
_bB7 1976
100 0 0 _aBraverman, J. B. S.
_915113
245 1 _aBraverman's introduction to the biochemistry of foods
250 _a2 ed.
260 _aAmsterdam :
_bElsevier,
_c1976
300 _a315 p.
_b: ilus. ; gráfs.
590 _aBATCH-UPD
_b10
_c20130110
_lUCH01
_h1322
590 _aBATCH-UPD
_b10
_c20130410
_lUCH01
_h0831
590 _aBATCH-UPD
_b10
_c20130914
_lUCH01
_h0127
590 _aCONVERSION
_b10
_c20130109
_lUCH01
_h1314
650 1 4 _aAlimentos
_xBioquímica.
_94173
650 1 4 _aQuímica vegetal.
_993602
700 0 _aBerk, Zeki.
_911808
901 _aBK
942 _cLIBRO
949 _a581.192 B7 1976
_bBC
_cLIBRO
_d33724000510764
_eLIBRO
_h38130
_i28833
_si
949 _a581.192 B7 1976
_bBC
_cLIBRO
_d33724000510772
_eLIBRO
_fc.2
_h52218
_i28833
_si
949 _a581.192 B7 1976
_bBC
_cLIBRO
_d33724000510780
_eLIBRO
_fc.3
_h52219
_i28833
_si
999 _c23762
_d23762